Guess the 1970s song lyrics #356 - Statistics

General Stats
  • This quiz has been taken 31 times
  • The average score is 141 of 237
Answer Stats
Answer % Correct
I
93%
blue
83%
in
83%
and
79%
And
79%
be
79%
it
79%
jeans
79%
you
79%
do
76%
me
76%
the
76%
Forever
72%
if
72%
my
72%
to
72%
as
69%
can
69%
have
69%
like
66%
with
66%
your
66%
by
62%
can't
62%
of
62%
All
59%
But
59%
don't
59%
Here
59%
I'd
59%
say
48%
ain't
45%
babe
45%
dance
45%
long
45%
Long
45%
much
45%
rather
45%
nothin
41%
around
38%
heart
38%
sing
38%
walk
38%
Money
34%
talks
34%
alone
31%
sound
31%
tonight
31%
next
28%
okay
28%
fire
24%
Nothing
24%
sweet
24%
We'd
24%
baby's
17%
Honey's
17%
honey's
17%
Maybe
17%
pardon
17%
sighs
17%
treat
14%
No matching quizzes found
Score Distribution
Percent of People with Each Score
Percentile by Number Answered
Your Score History
You have not taken this quiz